000 00294nam a22001337a 4500
008 181031b xxu||||| |||| 00| 0 eng d
020 _a9780073535890
041 _aeng
080 _a101
100 _a24
101 _aFIL
245 _aProblems from Philosophy
_cRachels, J
942 _2udc
_cBK
999 _c51327
_d51327